[Event "1st League TCh-SCG w"]
[Site "Budva SCG"]
[Date "2003.09.01"]
[Round "4"]
[White "Kosteniuk,A"]
[Black "Kononenko,T"]
[Result "1-0"]
[WhiteElo "2457"]
[BlackElo "2349"]

1.e4 e6 2.d4 d5 3.Nd2 Be7 4.Bd3 c5 5.dxc5 Nf6 6.Qe2 Nc6 7.Ngf3 Bxc5 8.O-O Qc7
9.a3 a6 10.c3 Be7 11.Re1 Ne5 12.Nxe5 Qxe5 13.Nf3 Qc7 14.e5 Nd7 15.Nd4 b6
16.f4 Nc5 17.Bc2 g6 18.b4 Ne4 19.c4 Bb7 20.Bb2 O-O 21.cxd5 Nc3 22.Bxc3 Qxc3
23.Nc6 Bh4 24.Rec1 Qb2 25.Qe3 exd5 26.Rab1 Qa2 27.Nd4 Rac8 28.f5 Rfe8 29.Qh6 Rxc2
30.Nxc2 Be7 31.Nd4 Qxa3 32.Rb3 Qxb3 33.Nxb3 Bxb4 34.e6  1-0

[Event "ch-IRI"]
[Site "Mashad IRI"]
[Date "2003.09.01"]
[Round "10"]
[White "Abbasifar,H"]
[Black "Mousavi,S"]
[Result "0-1"]
[WhiteElo "2333"]
[BlackElo "2194"]

1.e4 e6 2.d4 d5 3.Nd2 Be7 4.Bd3 c5 5.dxc5 Nf6 6.Qe2 O-O 7.Ngf3 Bxc5 8.e5 Nfd7
9.O-O Nc6 10.c4 Be7 11.cxd5 exd5 12.Nb3 Nb6 13.h3 Re8 14.Bf4 g6 15.Rad1 Bd7
16.a3 Rc8 17.Rfe1 a6 18.Nbd4 Bf8 19.Bg5 Nxd4 20.Qe3 Nxf3+ 21.gxf3 Qc7 22.f4 Nc4
23.Qe2 Bg7 24.b3 Nxa3 25.Qf3 Bc6 26.Qg3 Nb5 27.h4 Nc3 28.Rc1 d4 29.h5 Qd7
30.Kh2 Qd5 31.hxg6 hxg6 32.f5 Qf3 33.e6 Qxg3+ 34.Kxg3 gxf5 35.Bxf5 f6 36.Bd2 Bd5
37.b4 Rc6 38.b5 axb5 39.Ra1 Bxe6 40.Bg6 Rd8 41.Ra7 Bf7 42.Bd3 Rc7 43.Rh1 Bd5
44.Bh7+ Kf7 45.Re1 Rh8 46.Bf5 Rh1 47.Rxh1 Bxh1 48.f3 b4 49.Ra1 Bxf3 50.Kxf3 b3
51.Bc1 Nb5 52.Bf4 Rc3+ 53.Ke4 b2 54.Rb1 Rb3 55.Kd5 Na3 56.Re1 b1=Q 57.Bxb1 Rxb1
58.Re2 f5 59.Bd6 Rb5+ 60.Bc5 b6 61.Re7+ Kg8 62.Re8+ Kh7 63.Kc6 Rxc5+ 64.Kxb6 Rc3
65.Ka5 f4 66.Re4 f3 67.Rf4 d3 68.Rxf3 d2  0-1

[Event "1st League TCh-SCG w"]
[Site "Budva SCG"]
[Date "2003.09.03"]
[Round "6"]
[White "Bojkovic,N"]
[Black "Kononenko,T"]
[Result "1/2-1/2"]
[WhiteElo "2408"]
[BlackElo "2349"]

1.e4 e6 2.d4 d5 3.Nd2 Be7 4.c3 c5 5.dxc5 Nf6 6.exd5 Qxd5 7.b4 Nc6 8.Ngf3 O-O
9.Bc4 Qh5 10.O-O a5 11.Rb1 Nd5 12.Bxd5 exd5 13.Re1 Bf6 14.b5 Ne5 15.Nxe5 Qxd1
16.Rxd1 Bxe5 17.Ba3 Bf5 18.Rbc1 Rfd8 19.Nf3 Bf4 20.Ra1 Bc2 21.Rd4 Bh6 22.Re1 g6
23.Re7 Rab8 24.c4 Bg7 25.Rf4 f5 26.Nd4 Bh6 27.Rf3 Be4 28.Re3 Bxe3 29.fxe3 Re8
30.Rc7 Rec8 31.Re7 Re8 32.Rc7 Rec8 33.Re7  1/2-1/2

[Event "1st League TCh-SCG"]
[Site "Budva SCG"]
[Date "2003.09.03"]
[Round "6"]
[White "Popovic,Du"]
[Black "Maksimovic,B"]
[Result "0-1"]
[WhiteElo "2438"]
[BlackElo "2384"]

1.e4 e6 2.d4 d5 3.Nd2 Be7 4.Bd3 c5 5.dxc5 Nd7 6.Nb3 dxe4 7.Bxe4 Ngf6 8.Bd3 Nxc5
9.Nxc5 Bxc5 10.Nf3 O-O 11.O-O b6 12.Qe2 Bb7 13.Bg5 Be7 14.Rad1 Qc7 15.c3 Ng4
16.g3 Nxh2 17.Kxh2 Bxf3 18.Qxf3 Bxg5 19.Kg2 g6 20.Rh1 Rad8 21.Bc2 Kg7 22.Rhe1 h5
23.Rxd8 Rxd8 24.Rd1 Rxd1 25.Bxd1 Bc1 26.b3 Bd2 27.c4 Qd6 28.Qe4 Bb4 29.Bf3 Bc5
30.Qe2 Qd4 31.Bc6 h4 32.gxh4 Qxh4 33.b4 Qg5+ 34.Kh3 Bd4 35.Kh2 Qe7 36.b5 f5
37.Kg2 Qg5+ 38.Kf1 e5 39.a4 Qc1+ 40.Kg2 e4 41.c5 Qxc5 42.Qa2 Qe5 43.Qc4 Bc5
44.Bd5 Qb2 45.Bg8 Qxf2+ 46.Kh3 Qe3+  0-1

[Event "56th ch-RUS"]
[Site "Krasnoyarsk RUS"]
[Date "2003.09.04"]
[Round "2"]
[White "Bezgodov,A"]
[Black "Shipov,S"]
[Result "1/2-1/2"]
[WhiteElo "2542"]
[BlackElo "2589"]

1.e4 e6 2.d4 d5 3.Nd2 Be7 4.Bd3 c5 5.dxc5 Nf6 6.Ngf3 dxe4 7.Nxe4 Nxe4 8.Bxe4 Qxd1+
9.Kxd1 Bxc5 10.Ne5 f5 11.Nd3 Bxf2 12.Bf3 Bd4 13.c3 Bf6 14.Re1 Nc6 15.Kc2 g5
16.a4 Kf7 17.a5 g4 18.Bxc6 bxc6 19.Ne5+ Bxe5 20.Rxe5 Ba6 21.Bg5 Bc4 22.b3 Bd5
23.g3 Be4+  1/2-1/2

[Event "ch-ROM w"]
[Site "Satu Mare ROM"]
[Date "2003.09.04"]
[Round "1.2"]
[White "Paulet,I"]
[Black "Vasiesiu,C"]
[Result "1-0"]
[WhiteElo "1956"]
[BlackElo "2209"]

1.e4 e6 2.d4 d5 3.Nd2 Nc6 4.c3 e5 5.exd5 Qxd5 6.Ngf3 exd4 7.Bc4 Qf5 8.O-O Be6
9.Bxe6 fxe6 10.Nxd4 Nxd4 11.cxd4 O-O-O 12.Nf3 Nf6 13.Be3 Bd6 14.Qa4 a6 15.b4 g5
16.Rab1 g4 17.Ne5 c6 18.b5 cxb5 19.Rxb5 Nd5 20.Rc1+ Kb8 21.Qxa6  1-0

[Event "12th Monarch Assurance"]
[Site "Port Erin IOM"]
[Date "2003.09.05"]
[Round "9"]
[White "Kotronias,V"]
[Black "Del Rio Angelis,S"]
[Result "0-1"]
[WhiteElo "2602"]
[BlackElo "2479"]

1.e4 e6 2.d4 d5 3.Nd2 a6 4.Ngf3 c5 5.dxc5 Bxc5 6.Bd3 Nf6 7.Qe2 Nc6 8.O-O Qc7
9.a3 Ba7 10.exd5 Nxd5 11.Nc4 Bb8 12.Qe4 b5 13.Ne3 Nf6 14.Qh4 Bb7 15.Re1 Ne7
16.Nd4 Ba7 17.Nef5 Nxf5 18.Nxf5 Rg8 19.Qg5 Bb8 20.Nxg7+ Kd7 21.Kf1 Qxh2 22.Rd1 Ke7
23.Bd2 Qxg2+ 24.Qxg2 Bxg2+ 25.Kxg2 Rxg7+ 26.Kf3 Ng4 27.Be4 Ra7 28.Bb4+ Kf6
29.Ke2 Be5 30.c3 Kg5 31.a4 f5 32.Bc6 bxa4 33.Rxa4 h5 34.Rda1 Nf6 35.Rxa6 Rxa6
36.Rxa6 h4 37.Bg2 Nh5 38.Bc6 Nf4+ 39.Kd2 h3 40.Ra8 h2 41.Ra1 Rc7 42.Bf3 Rd7+
43.Ke1 Nd3+ 44.Ke2 Nxb2 45.Kf1 Kf4 46.Bg2 Nc4 47.Bf8 Kg5 48.Bb4 Rd2 49.Re1 Rc2
50.Re2 Rc1+ 51.Re1 Nd2+ 52.Ke2 Rxe1+ 53.Kxe1 Ne4 54.Kf1 Bxc3 55.Be7+ Bf6
56.Ba3 Bd4 57.Bc1+ Kh4 58.Bf4 Nxf2 59.Bxh2 Ng4 60.Bf4 e5 61.Bd2 Kg3 62.Bc6 e4
63.Ke2 Ne5 64.Bb7 Nf3 65.Bh6 Ng1+ 66.Kf1 e3 67.Ba6 f4  0-1

[Event "1st League TCh-SCG w"]
[Site "Budva SCG"]
[Date "2003.09.06"]
[Round "8"]
[White "Bojkovic,N"]
[Black "Matveeva,S"]
[Result "1/2-1/2"]
[WhiteElo "2408"]
[BlackElo "2478"]

1.e4 e6 2.d4 d5 3.Nd2 Be7 4.c3 c5 5.dxc5 Bxc5 6.Nb3 Bb6 7.exd5 exd5 8.Qe2+ Be6
9.Nf3 Nf6 10.Nbd4 Ne4 11.Be3 O-O 12.Qc2 Nd7 13.Bd3 Nec5 14.O-O Nxd3 15.Qxd3 Rc8
16.Rfe1 a6 17.Nd2 Nc5 18.Qc2 Re8 19.Nf1 Bd7 20.Qd2 Ne4 21.Qd3 Nc5 22.Qd2 Ne4
23.Qd3 Nc5 24.Qd2 Ne4 25.Qd3  1/2-1/2

[Event "TCh-CRO w"]
[Site "Rabac CRO"]
[Date "2003.09.10"]
[Round "4"]
[White "Kovalevskaya,E"]
[Black "Cosma,E"]
[Result "1/2-1/2"]
[WhiteElo "2443"]
[BlackElo "2440"]

1.e4 e6 2.d4 d5 3.Nd2 Be7 4.Ngf3 Nf6 5.Bd3 dxe4 6.Nxe4 Nxe4 7.Bxe4 Nd7 8.O-O Nf6
9.Bd3 O-O 10.Ne5 c5 11.dxc5 Bxc5 12.Qe2 h6 13.Bf4 Bd7 14.Rad1 Qe7 15.Nxd7 Nxd7
16.c3 Nf6 17.Bg3 Rfd8 18.Bc2 Rxd1 19.Rxd1 Rd8 20.Rxd8+ Qxd8 21.Qd3 Qxd3 22.Bxd3 Kf8
23.b4 Be7 24.f3 Nd5 25.Be1 Bf6 26.c4 Bd4+ 27.Kh1 Nc3 28.Bxc3 Bxc3 29.a3 Bb2
30.a4 Bc3 31.Be4 Bxb4 32.Bxb7 Bc5 33.g3 Ke7 34.Kg2 Kd6 35.Ba6 Kd7  1/2-1/2

[Event "EYb14"]
[Site "Budva YUG"]
[Date "2003.09.14"]
[Round "2"]
[White "Potapov,P"]
[Black "Nepomniachtchi,I"]
[Result "1/2-1/2"]
[WhiteElo "2210"]
[BlackElo "2432"]

1.e4 e6 2.d4 d5 3.Nd2 Be7 4.Bd3 c5 5.dxc5 Nf6 6.Ngf3 Nc6 7.O-O Bxc5 8.exd5 Qxd5
9.Qe2 Nb4 10.Bb5+ Bd7 11.Bxd7+ Nxd7 12.Ne4 Be7 13.a3 Nc6 14.Rd1 Qh5 15.Bf4 Nf6
16.Nd6+ Bxd6 17.Bxd6 O-O-O 18.c4 e5 19.Qe3 e4 20.Ng5 Rhe8 21.Qh3+ Qxh3 22.Nxh3 h6
23.Nf4 g5 24.Ne2 Ng4 25.b4 Nge5 26.Bxe5 Nxe5 27.Nd4 Nd3 28.Nf5 Re6 29.c5 b6
30.Nd6+ Kc7 31.Nxf7 Rf8 32.Nd6 Nxf2 33.Nb5+ Kb7 34.Nd4 Ref6 35.Rdc1 Nd3 36.c6+ Kc8
37.Rf1 a6 38.Rxf6 Rxf6 39.Rf1 Rxf1+ 40.Kxf1 Nf4  1/2-1/2

[Event "EYb18"]
[Site "Budva YUG"]
[Date "2003.09.15"]
[Round "3"]
[White "Manescu,T"]
[Black "Rendle,T"]
[Result "1/2-1/2"]
[WhiteElo "2354"]
[BlackElo "2240"]

1.e4 e6 2.d4 d5 3.Nd2 Be7 4.Bd3 c5 5.dxc5 Nf6 6.Qe2 Nc6 7.Ngf3 Nb4 8.O-O Nxd3
9.cxd3 Bxc5 10.Nb3 Be7 11.Bg5 h6 12.Bh4 Bd7 13.Rac1 dxe4 14.dxe4 Qb6 15.Rfd1 Ba4
16.Rc3 Bb4 17.Bxf6 gxf6 18.Rcc1 Kf8 19.Qc4 Bxb3 20.axb3 a5 21.e5 f5 22.Rd7 Rd8
23.Qh4 Ke8 24.Rxf7 Kxf7 25.Qf6+ Kg8 26.Qg6+ Kf8 27.Qf6+ Kg8  1/2-1/2

[Event "2nd Masters"]
[Site "Villeurbanne FRA"]
[Date "2003.09.16"]
[Round "6"]
[White "Berube,R"]
[Black "Legky,N"]
[Result "0-1"]
[WhiteElo "2305"]
[BlackElo "2482"]

1.e4 e6 2.d4 d5 3.Nd2 a6 4.Ngf3 Nf6 5.Bd3 c5 6.dxc5 Bxc5 7.O-O Nc6 8.a3 O-O
9.b4 Be7 10.e5 Nd7 11.Bb2 b5 12.Nb3 Bb7 13.Re1 Nb6 14.Nbd4 Na7 15.Bc1 Na4
16.Nd2 Nc6 17.N2b3 Qd7 18.Qg4 f5 19.exf6 Bxf6 20.Nxe6 Rae8 21.Bd2 Bc8 22.Qh5 g6
23.Bxg6 Bxa1 24.Nxa1 Qe7 25.Bg5 Qa7 26.Be3 Rxe6 27.Qxd5 Qd7 28.Be4 Nc3 29.Qg5+ Qg7
30.Qxg7+ Kxg7 31.Bxc6 Rxc6 32.Bd4+ Kf7 33.Nb3 Re8  0-1

[Event "EYb18"]
[Site "Budva YUG"]
[Date "2003.09.19"]
[Round "6"]
[White "Laznicka,V"]
[Black "Seifert,V"]
[Result "1/2-1/2"]
[WhiteElo "2446"]
[BlackElo "2371"]

1.e4 e6 2.d4 d5 3.Nd2 Be7 4.Bd3 c5 5.dxc5 Nf6 6.Qe2 Nc6 7.Ngf3 a5 8.O-O O-O
9.c4 a4 10.h3 Bxc5 11.Re1 Re8 12.e5 Nd7 13.Nf1 Nf8 14.Be3 Be7 15.Rad1 Qa5
16.Bg5 Bc5 17.Ne3 Nb4 18.Bb1 a3 19.cxd5 exd5 20.bxa3 Qxa3 21.Nc2 Nxc2 22.Qxc2 Be6
23.Bc1 Qa5 24.Bd2 Qa3 25.Bc1 Qa5 26.Bd2 Qa3  1/2-1/2

[Event "2nd Masters"]
[Site "Villeurbanne FRA"]
[Date "2003.09.19"]
[Round "9"]
[White "Berube,R"]
[Black "Kosten,A"]
[Result "0-1"]
[WhiteElo "2305"]
[BlackElo "2514"]

1.e4 e6 2.d4 d5 3.Nd2 Nc6 4.Ngf3 Nf6 5.e5 Nd7 6.Bb5 Be7 7.O-O O-O 8.Bxc6 bxc6
9.Nb3 a5 10.a4 c5 11.dxc5 Nxc5 12.Nbd4 Bd7 13.c3 Qe8 14.b3 Rb8 15.Be3 f5
16.Bg5 Bxg5 17.Nxg5 h6 18.Nh3 Rb6 19.Nf4 g5 20.Nd3 Nxd3 21.Qxd3 c5 22.Nb5 Bxb5
23.axb5 Qxb5 24.Qh3 Kg7 25.f4 g4 26.Qe3 Rb7 27.Ra3 Rd8 28.Rd1 Rbd7 29.Qe1 c4
30.Rda1 cxb3 31.Rxa5 Qb6+ 32.Qf2 Qxf2+ 33.Kxf2 Rc8 34.Ra6 Rxc3 35.Rxe6 b2
36.Rb1 Rb7  0-1

[Event "EYb18"]
[Site "Budva YUG"]
[Date "2003.09.20"]
[Round "7"]
[White "Aksentijevic,M"]
[Black "Gallissot,A"]
[Result "1-0"]
[WhiteElo "2177"]
[BlackElo "2090"]

1.e4 e6 2.d4 d5 3.Nd2 Be7 4.Bd3 c5 5.dxc5 Nf6 6.Qe2 Nc6 7.Ngf3 Bxc5 8.O-O Bd7
9.c3 dxe4 10.Nxe4 Nxe4 11.Bxe4 a5 12.Bf4 Qb6 13.Rad1 f6 14.Bxh7 O-O-O 15.Be4 e5
16.Be3 Ne7 17.Qc4 Bb5 18.Rxd8+ Rxd8 19.Qxc5+ Qxc5 20.Bxc5 Bxf1 21.Kxf1 Nd5
22.Bxd5 Rxd5 23.Bf8 Rd7 24.Ke2 g5 25.Nd2 Rf7 26.Bc5 Kc7 27.Nc4 g4 28.Bb6+ Kc6
29.Bxa5 Rh7 30.Ne3 Rxh2 31.g3 Rh1 32.Bb4 Ra1 33.Nxg4  1-0

[Event "ch-HUN w"]
[Site "Budapest HUN"]
[Date "2003.09.23"]
[Round "3"]
[White "Dembo,Y"]
[Black "Ignacz,M"]
[Result "1-0"]
[WhiteElo "2390"]
[BlackElo "2191"]

1.e4 e6 2.d4 d5 3.Nd2 Be7 4.Ngf3 Nf6 5.e5 Nfd7 6.Bd3 c5 7.c3 Nc6 8.O-O g5
9.Bb1 Qb6 10.Nb3 h6 11.dxc5 Qc7 12.Nfd4 Ncxe5 13.Nb5 Qb8 14.f4 Nc6 15.Be3 a6
16.N5d4 gxf4 17.Bxf4 e5 18.Bg3 h5 19.Qf3 Nf6 20.Nxc6 bxc6 21.Bh4 e4 22.Qf2 Rh6
23.Qd4 Ng4 24.Bg3 Qa7 25.h3 Nf6 26.Bh4 Ng8 27.Qg7 Bxc5+ 28.Kh1 Rg6 29.Qe5+ Be7
30.Bc2 Be6 31.Bxe7 Qxe7 32.Nd4 Bd7 33.Qf4 Rf6 34.Qe3 Rg6 35.Ba4 Rc8 36.c4 Qg5
37.Qe2 Qe5 38.Rad1 Ne7 39.cxd5 Nxd5 40.Nf3 Qe7 41.Nd2 e3 42.Nc4 Rh6 43.Rde1 Qh4
44.Nxe3 Nxe3 45.Bb3 Bxh3 46.Qxe3+ Be6+ 47.Kg1 Rg6 48.Rxf7 Kxf7 49.Bxe6+ Rxe6
50.Qxe6+ Kg7 51.Qd7+ Kg6 52.Re6+ Kf5 53.Qf7+  1-0

[Event "ch-IRI"]
[Site "Mashad IRI"]
[Date "2003.09.27"]
[Round "5"]
[White "Moradi,B"]
[Black "Doostkam,P"]
[Result "1-0"]
[WhiteElo "2220"]
[BlackElo "2232"]

1.e4 e6 2.d4 d5 3.Nd2 Nc6 4.Ngf3 Nf6 5.e5 Nd7 6.Bb5 a6 7.Bxc6 bxc6 8.c4 dxc4
9.Nxc4 Nb6 10.Qc2 Nxc4 11.Qxc4 Qd5 12.Qxd5 cxd5 13.Be3 Bb4+ 14.Bd2 Be7 15.Rc1 Kd7
16.Ba5 c6 17.a3 f6 18.h4 Bd8 19.Bxd8 Rxd8 20.Rh3 Bb7 21.Rg3 Rg8 22.h5 Ke7
23.Rc3 Kf7 24.Rb3 Ra7 25.h6 Ba8 26.hxg7 Rb7 27.Rxb7+ Bxb7 28.exf6 Kxf6 29.Ne5 Rxg7
30.Rxg7 Kxg7 31.Kd2 Kf6 32.Ke3 a5 33.Nd7+ Ke7 34.Nc5 Bc8 35.Nb3 Kd6 36.f4 h5
37.g3 Ba6 38.Nc5 Bc8 39.Kf3 Bd7 40.Nb7+ Kc7 41.Nxa5 Kb6 42.Nb3 Kb5 43.Nc5 Kc4
44.Nxd7 Kxd4 45.Nf8 e5  1-0

[Event "12th Monarch Assurance"]
[Site "Port Erin IOM"]
[Date "2003.09.30"]
[Round "4"]
[White "Ryan,Jo"]
[Black "Pert,N"]
[Result "0-1"]
[WhiteElo "2291"]
[BlackElo "2483"]

1.e4 e6 2.d4 d5 3.Nd2 Be7 4.Ngf3 Nf6 5.e5 Nfd7 6.Bd3 c5 7.c3 Nc6 8.O-O a5
9.Re1 a4 10.dxc5 Nxc5 11.Nf1 Nxd3 12.Qxd3 b6 13.Ng3 h5 14.Qe3 h4 15.Ne2 h3
16.g3 d4 17.Nfxd4 Bb7 18.Nxc6 Qd5 19.f3 Bxc6 20.Nd4 Bc5 21.Kf2 Rh5 22.g4 Rxe5
23.Qf4 Rxe1 24.Kxe1 e5  0-1

[Event "ECC"]
[Site "Rethymnon GRE"]
[Date "2003.09.30"]
[Round "3"]
[White "Hracek,Z"]
[Black "Ostenstad,B"]
[Result "1/2-1/2"]
[WhiteElo "2584"]
[BlackElo "2469"]

1.e4 e6 2.d4 d5 3.Nd2 Be7 4.Ngf3 Nf6 5.e5 Nfd7 6.c3 c5 7.Bd3 Nc6 8.O-O a5
9.Re1 cxd4 10.cxd4 Nb6 11.Nb1 a4 12.a3 Bd7 13.Nc3 Na5 14.Bc2 Nac4 15.Rb1 h6
16.Ne2 Qc7 17.Nf4 g6 18.h3 Rc8 19.Bd3 Na5 20.Nd2 Nbc4 21.Nxc4 Nxc4 22.Bxg6 fxg6
23.Nxg6 Rg8 24.Qh5 Kd8 25.Qxh6 Rxg6 26.Qxg6 Qb6 27.Bg5 Qxd4 28.Bxe7+ Kxe7
29.Qf6+ Ke8 30.Qh8+ Ke7 31.Qf6+ Ke8 32.Rbd1 Qc5 33.Rd3 Qf8 34.Rg3 Qxf6 35.exf6 e5
36.Rg7 Rc6 37.Rg8+ Kf7 38.Rg7+ Ke8 39.Rg8+  1/2-1/2

[Event "Tatry Open"]
[Site "Tatranske Zruby SVK"]
[Date "2003.10.01"]
[Round "6"]
[White "Cernousek,L"]
[Black "Hausner,I"]
[Result "1/2-1/2"]
[WhiteElo "2293"]
[BlackElo "2441"]

1.e4 e6 2.d4 d5 3.Nd2 Be7 4.e5 c5 5.dxc5 Nc6 6.Ngf3 Bxc5 7.Nb3 Be7 8.Bd3 f6
9.Bf4 fxe5 10.Nxe5 Nf6 11.O-O O-O 12.Re1 Bd6 13.Bg3 Qc7 14.f4 Bd7 15.Qe2 Rae8
16.c3 Re7 17.Bh4 Be8 18.g4 g6 19.Rad1 a5 20.Kg2 a4 21.Nd2 a3 22.b3 d4 23.Ne4 Nd5
24.Rf1 Nxf4+ 25.Rxf4 Rxf4 26.Nxd6 Qxd6 27.Bg3 Qxe5 28.Qxe5 Nxe5 29.Bxf4 Bc6+
30.Kg3 Nxd3 31.Rxd3 e5 32.Bg5 Rd7 33.cxd4 Bb5 34.Rf3 exd4 35.Bh6 Rd8 36.Rf2 d3
37.Rf1 Bc6 38.Bg5 Rc8 39.Bh6 Bd5 40.h4 Bf7 41.Rf3 Rd8 42.Rf2 Rd7 43.Rf1 d2
44.Rd1 Rd3+ 45.Kf2 Be6 46.Rxd2 Rh3 47.Rd8+ Kf7 48.Rh8 Rxh4 49.Rxh7+ Ke8 50.g5 Bd5
51.Kg3 Re4 52.Rh8+ Kd7 53.Ra8 Re6 54.Rxa3 Ra6 55.Rxa6 bxa6 56.Kf4 Kc6 57.Ke5 Bf3
58.Bf8  1/2-1/2

[Event "1st ch-Mediterranean"]
[Site "Beruit LIB"]
[Date "2003.10.02"]
[Round "6"]
[White "Kapnisis,S"]
[Black "Abdel Razik,K"]
[Result "1-0"]
[WhiteElo "2392"]
[BlackElo "2391"]

1.e4 e6 2.d4 d5 3.Nd2 Be7 4.e5 c5 5.Qg4 Kf8 6.dxc5 Nc6 7.Qg3 f6 8.Ngf3 Bxc5
9.Nb3 Be7 10.Bf4 fxe5 11.Nxe5 Nf6 12.Be2 Ne4 13.Qf3 Nxe5 14.Bxe5+ Bf6 15.Bd3 Ng5
16.Qe3 Nf7 17.Bxf6 Qxf6 18.O-O g6 19.f4 Kg7 20.Nd4 Re8 21.f5 exf5 22.Qxe8 Qxd4+
23.Kh1 Qe5 24.Rae1 Qxe8 25.Rxe8 Nd6 26.Rd8 Nf7 27.Rxd5 Be6 28.Rc5 h5 29.Rc7 Bd5
30.Rd1 Re8 31.Kg1 Re5 32.Bc4 Bxc4 33.Rxc4 Re7 34.h3 Ne5 35.Rcd4 Kf6 36.h4 Kg7
37.c4 Kh6 38.c5 a5 39.b4 axb4 40.Rxb4 Ng4 41.Rdb1 Re5 42.Rc1 Re7 43.a4 Ne5
44.Rcb1 Rc7 45.Rxb7 Rc8 46.R7b5 Rc7 47.Rb7 Rxc5 48.R7b5 Rc4 49.Rxe5 Rxa4
50.g3 Rg4 51.Rb3 Kg7 52.Kf1  1-0

[Event "FSIM October"]
[Site "Budapest HUN"]
[Date "2003.10.04"]
[Round "1"]
[White "Berczes,C"]
[Black "Werner,Di"]
[Result "0-1"]
[WhiteElo "2309"]
[BlackElo "2342"]

1.e4 e6 2.d4 d5 3.Nd2 Be7 4.Bd3 c5 5.dxc5 Nf6 6.Qe2 Nc6 7.Ngf3 O-O 8.O-O Bxc5
9.e5 Nd7 10.Nb3 Be7 11.Bf4 Nb4 12.Nfd4 Nc5 13.Be3 Ncxd3 14.cxd3 Bd7 15.a3 Nc6
16.f4 Nxd4 17.Nxd4 Bc5 18.Rf3 f6 19.Nb3 Bxe3+ 20.Qxe3 fxe5 21.Qxe5 Qb6+ 22.d4 Rf5
23.Qe2 Raf8 24.Nc5 Bc8 25.Qd2 e5 26.fxe5 Rxf3 27.gxf3 Qg6+ 28.Qg2 b6 29.Qxg6 hxg6
30.Nd3 Rxf3 31.Rd1 a5 32.Kg2 Rf8 33.Kg3 g5 34.Rd2 Rf1 35.Kg2 Rb1 36.Nf2 Rc1
37.Nd1 Kf7 38.Ne3 Be6 39.Rc2 Rb1 40.Kf3 b5 41.Kg3 b4 42.axb4 axb4 43.Rd2 Ke7
44.Nd1 Kd7 45.Nf2 Bf5 46.Nh3 b3 47.Nf2 Bc2 48.Nd3 Bxd3 49.Rxd3 Rxb2 50.h3 Rb1
51.Kg2 Ke6 52.Kh2 b2 53.Rb3 Rd1 54.Rxb2 Rxd4 55.Rb7 Re4 56.Rxg7 Rxe5 57.Kg2 d4
58.Kf2 Kd5 59.Ra7 Kc4 60.Ra4+ Kc3 61.Ra3+ Kb4 62.Ra8 d3 63.Rd8 Kc3 64.Rc8+ Kd2
65.Rc7 Re2+ 66.Kf3 Re3+ 67.Kg4 Ke2 68.Kxg5 d2 69.Rc2 Rxh3 70.Kg4 Rh8 71.Ra2 Ke1  0-1

[Event "ECC Women"]
[Site "Rethymnon GRE"]
[Date "2003.10.04"]
[Round "7"]
[White "Stefanidi,M"]
[Black "Grabuzova,T"]
[Result "0-1"]
[WhiteElo "2134"]
[BlackElo "2362"]

1.e4 e6 2.d4 d5 3.Nd2 a6 4.Bd3 c5 5.dxc5 Bxc5 6.Ngf3 Nc6 7.O-O Nf6 8.Qe2 Qc7
9.Nb3 Ba7 10.h3 dxe4 11.Bxe4 Nxe4 12.Qxe4 e5 13.Re1 f6 14.Be3 Bxe3 15.Qxe3 O-O
16.c3 b6 17.Nbd2 Ne7 18.c4 Ng6 19.b4 Nf4 20.Rec1 Bb7 21.c5 b5 22.Ne4 Qc6
23.Nd6 Ra7 24.Nxb7 Rxb7 25.Kh2 Rd7 26.Rd1 Rfd8 27.Qb3+ Kf8 28.Rxd7 Rxd7 29.Rd1 Rxd1
30.Qxd1 Ke7 31.Qd2 Qd7 32.Qc2 Qd3 33.Ne1 Qxc2 34.Nxc2 Ke6 35.g3 Ng6 36.Kg2 Ne7
37.Kf3 Kd5 38.Ke3 Kc4 39.Kd2 f5 40.a3 Kb3 41.f4 e4 42.h4 g6 43.Ne3 h5 44.Nc2 Nc6
45.Ne3 Kxa3 46.Kc3 Nxb4 47.Nc2+ Nxc2 48.Kxc2 b4 49.c6 b3+ 50.Kd2 b2 51.c7 b1=Q
52.c8=Q Qd3+ 53.Kc1 e3 54.Qc5+ Kb3 55.Qb6+ Kc4 56.Qc7+ Kd5 57.Qe5+ Kc6 58.Qe6+ Kb5
59.Qe5+ Ka4 60.Qe8+ Kb3 61.Qb8+ Qb5  0-1

[Event "ECC"]
[Site "Rethymnon GRE"]
[Date "2003.10.04"]
[Round "7"]
[White "Hracek,Z"]
[Black "Morozevich,A"]
[Result "1/2-1/2"]
[WhiteElo "2584"]
[BlackElo "2679"]

1.e4 e6 2.d4 d5 3.Nd2 Be7 4.Ngf3 Nf6 5.e5 Nfd7 6.Bd3 c5 7.c3 Nc6 8.O-O h5
9.dxc5 Ndxe5 10.Nxe5 Nxe5 11.Nb3 Nxd3 12.Qxd3 h4 13.Re1 h3 14.g3 a5 15.Bf4 O-O
16.Nd4 Bxc5 17.Re5 f6 18.Rxe6 Bxe6 19.Nxe6 Qb6 20.Nxf8 Bxf2+ 21.Kf1 Kxf8
22.Rd1 Rd8 23.Qh7 Bc5 24.Re1 Qb5+ 25.Re2 Qa4 26.b3 Qd7 27.Bh6 Qf7 28.Qh8+ Qg8
29.Bxg7+ Kf7 30.Qxg8+ Rxg8 31.Bh6 Bd6 32.Bd2 b5 33.Re3 Rg4 34.Rd3 Ke6 35.Kf2 f5
36.Be3 Re4 37.Bb6 a4 38.Be3 Be5 39.Kf3 Bf6 40.Bd2 Bg7 41.Be3 Bf8 42.Rd1 Kd6
43.Bf4+ Kc6 44.Be3 Bc5 45.Bf4 Bb6 46.Rc1 Bd8 47.Bd2 Be7 48.Rf1 Ba3 49.Rb1 Bc5
50.Rc1 Kd7 51.Rd1 Ke6 52.Rc1 Bb6 53.Bf4 Bd8 54.Rb1 Bf6 55.Bd2 Bg7 56.Rf1 axb3
57.axb3 d4 58.cxd4 Rxd4 59.Ke2 Be5 60.Rc1 Rd6 61.Rc5 Ra6 62.Rxb5 Bxg3 63.Rb7 Bxh2  1/2-1/2

[Event "FSIM October"]
[Site "Budapest HUN"]
[Date "2003.10.06"]
[Round "3"]
[White "Farago,S"]
[Black "Pap,G"]
[Result "1/2-1/2"]
[WhiteElo "2333"]
[BlackElo "2233"]

1.e4 e6 2.d4 d5 3.Nd2 Nc6 4.Ngf3 Nf6 5.e5 Nd7 6.c3 f6 7.exf6 Qxf6 8.Bb5 Bd6
9.Nf1 a6 10.Ba4 e5 11.dxe5 Ndxe5 12.Nxe5 Qxe5+ 13.Be3 O-O 14.Qd2 Qe4 15.Bb3 Be6
16.f3 Qh4+ 17.Bf2 Qf6 18.O-O-O Rad8 19.Ng3 d4 20.Ne4 Qg6 21.Bxe6+ Qxe6 22.Kb1 Be5
23.Qc2 dxc3 24.bxc3 h6 25.Qb3 Qf7 26.h4 b6 27.h5 Na5 28.Qxf7+ Kxf7 29.Bh4 Rxd1+
30.Rxd1 Ke6 31.Kc2 Rf5 32.Ng3 Rf4 33.Bd8 Ra4 34.Re1 Rxa2+ 35.Kb1 Rxg2 36.Bxc7 Nc4
37.Bxe5 Nxe5 38.f4 Rxg3 39.Rxe5+ Kf6 40.Kc2 Rf3 41.Re4 Kf5 42.Re7 Rxf4 43.Rxg7 Ke5
44.Rb7 Rf6 45.Kb3 Kd5 46.c4+ Ke5 47.Re7+ Kd6  1/2-1/2

[Event "zt 3.1a"]
[Site "Dubai UAE"]
[Date "2003.10.07"]
[Round "2"]
[White "Mahjoob,M"]
[Black "Hassan,Ab"]
[Result "1-0"]
[WhiteElo "2408"]
[BlackElo "2359"]

1.e4 e6 2.d4 d5 3.Nd2 Be7 4.Bd3 c5 5.dxc5 Nf6 6.Qe2 O-O 7.Ngf3 a5 8.a4 Na6
9.Nb3 dxe4 10.Bxe4 Nxe4 11.Qxe4 Nxc5 12.Nxc5 Bxc5 13.O-O Qb6 14.b3 f6 15.Bb2 e5
16.Ne1 Qc6 17.Qxc6 bxc6 18.Nd3 Bb6 19.Rfd1 Bf5 20.Kf1 Rfd8 21.Ne1 e4 22.h3 h5
23.Bc3 Rd5 24.Rxd5 cxd5 25.Rd1 d4 26.Bxd4 Rd8 27.Bxb6 Rxd1 28.Bxa5 Bc8 29.Ke2 Rd5
30.Bb6 Ba6+ 31.c4 f5 32.Be3 Rd7 33.Nc2 Rb7 34.Nd4 g5 35.Bxg5 Rd7 36.Ke3 Kf7
37.h4 Kg6 38.Bf4 Kf6 39.g3 Rb7 40.Bd6 Ra7 41.Be5+ Kf7  1-0

[Event "HSK IM"]
[Site "Hamburg GER"]
[Date "2003.10.13"]
[Round "2"]
[White "Van Delft,M"]
[Black "Langrock,H"]
[Result "0-1"]
[WhiteElo "2402"]
[BlackElo "2336"]

1.e4 e6 2.d4 d5 3.Nd2 Be7 4.Bd3 c5 5.dxc5 Nf6 6.Qe2 Nc6 7.c3 d4 8.Ngf3 dxc3
9.bxc3 Nd7 10.O-O Nxc5 11.Bc2 b6 12.e5 Ba6 13.c4 Nd4 14.Nxd4 Qxd4 15.Rb1 Qc3
16.Rb2 Rd8 17.Bb1 Nd3 18.Rc2 Qxe5  0-1

[Event "EuTCh"]
[Site "Plovdiv BUL"]
[Date "2003.10.14"]
[Round "4"]
[White "Volkmann,F"]
[Black "Spice,A"]
[Result "1-0"]
[WhiteElo "2452"]
[BlackElo "2181"]

1.e4 e6 2.d4 d5 3.Nd2 Nc6 4.Ngf3 Nf6 5.e5 Nd7 6.Nb3 a5 7.a4 b6 8.Bb5 Ncb8
9.Ng5 h6 10.Nxe6 fxe6 11.Qh5+ Ke7 12.Bg5+ hxg5 13.Qxh8 Ba6 14.Qh5 Qe8 15.Qxg5+ Kf7
16.Qh5+ g6 17.Qg4 c6 18.Bxa6 Nxa6 19.h4 Bg7 20.h5 gxh5 21.Rxh5 Qe7 22.Rg5 Rg8
23.Qh5+ Kf8 24.Rg3 Rh8 25.Qf3+ Qf7 26.Qe2 Rh1+ 27.Kd2 Bh6+ 28.Kc3 Qe7 29.Qf3+ Ke8
30.Rg8+ Nf8 31.Rxf8+ Bxf8 32.Rxh1 Qb4+ 33.Kd3 c5 34.Rh7 c4+ 35.Ke2 Be7 36.c3  1-0

[Event "Essent Open"]
[Site "Hoogeveen NED"]
[Date "2003.10.15"]
[Round "6"]
[White "Glek,I"]
[Black "Rogers,I"]
[Result "1/2-1/2"]
[WhiteElo "2555"]
[BlackElo "2574"]

1.e4 e6 2.d4 d5 3.Nd2 Nc6 4.Ngf3 Nf6 5.Bd3 Nb4 6.e5 Nxd3+ 7.cxd3 Ng8 8.Nf1 b6
9.Ng3 a5 10.O-O Ba6 11.Bg5 Be7 12.Qd2 h6 13.Bxe7 Nxe7 14.Nh5 O-O 15.Rac1 Ng6
16.Rc3 Qe7 17.Rfc1 Rfc8 18.Nf4 a4 19.Nxg6 fxg6 20.Qc2 g5 21.h3 Qe8 22.Qd1 Qf7
23.h4 g4 24.Nh2 h5 25.Qd2 Qg6 26.Nf1 c5 27.Qe3 Rd8 28.Ng3 Bb5 29.Ne2 c4 30.Nf4 Qf5
31.dxc4 dxc4 32.Rd1 Rf8 33.g3 Rad8 34.Rcc1 Ba6 35.d5 exd5 36.Qxb6 Bc8 37.Ng6 Kh7
38.Nxf8+ Rxf8 39.Qe3 Be6 40.Rd4 Rb8 41.Qe2 Qg6 42.Qd2 Rb5 43.Re1 Bf7 44.Rf4 Qe6
45.Qc2+ Bg6 46.Qxa4 Rxb2 47.Rf8 Be4 48.Qa8 Qxe5 49.Rxe4 dxe4 50.Rh8+ Kg6
51.Qc6+ Qf6 52.Qxe4+ Qf5 53.Qe8+ Qf7 54.Qe4+ Qf5  1/2-1/2

[Event "EuTCh w"]
[Site "Plovdiv BUL"]
[Date "2003.10.17"]
[Round "6"]
[White "Hunt,H"]
[Black "Peng Zhaoqin"]
[Result "1/2-1/2"]
[WhiteElo "2402"]
[BlackElo "2438"]

1.e4 e6 2.d4 d5 3.Nd2 Be7 4.Bd3 dxe4 5.Nxe4 Nf6 6.Nf3 Nbd7 7.O-O Nxe4 8.Bxe4 c5
9.c4 Nf6 10.Bc2 O-O 11.Be3 b6 12.Qe2 Bb7 13.Rad1 Qc7 14.Ne5 Rad8 15.Rfe1 cxd4
16.Bxd4 Bb4 17.Rf1 Bc5 18.Bc3 Rxd1 19.Rxd1 Rd8 20.Rxd8+ Qxd8 21.Kf1 Qd6 22.Ng4 Nxg4
23.Qxg4 g6 24.Qg3 Qxg3 25.hxg3 f5 26.Bd1 Bd6 27.g4 fxg4 28.Bxg4 Kf7 29.g3 h5
30.Be2 e5 31.Ke1 Ke6 32.b4 Bc6 33.Kd2 Be7 34.Kc2 e4 35.Bd2 Ba4+ 36.Kb2 Be8
37.Kb3 g5 38.Be3 Ke5 39.a4 h4 40.Bg4 Bg6 41.gxh4 gxh4 42.c5 bxc5 43.bxc5 Bf5
44.f4+ Ke6 45.Bxf5+ Kxf5 46.c6 Bd6 47.Bxa7 Bc7 48.Kc4 Kxf4 49.a5 h3 50.Bb6 Bd6
51.Kb5 h2 52.c7 h1=Q 53.c8=Q Qb1+ 54.Kc6 Qc2+ 55.Kb7 Qxc8+ 56.Kxc8 e3 57.Bxe3+ Kxe3
58.a6 Bc5  1/2-1/2